000 00298nam a2200121Ia 4500
008 240731s9999 xx 000 0 und d
022 _a2345-0487
245 0 _aCreativity Studies
260 _bTaylor & Francis
856 _uhttps://www.tandfonline.com/loi/tlim22
942 _2ddc
942 _cTFEJ
999 _c76083
_d76083
945 _a1
_bMadushi Gamage
_c1
_dMadushi Gamage